Statistics for Songs by Letter - Y

Click here to take the quiz!

General Stats

  • This quiz has been taken 42 times
  • The average score is 7 of 18

Answer Stats

SongArtist% Correct
Y.M.C.A.Village People
92%
YesterdayThe Beatles
87%
You're The One That I WantJohn Travolta & Olivia Newton-John
74%
Your SongElton John
72%
You're So VainCarly Simon
62%
You're BeautifulJames Blunt
54%
You Ain't Seen Nothing YetBachman–Turner Overdrive
46%
Yeah!Usher feat. Lil Jon & Ludacris
46%
You've Lost That Lovin' FeelingThe Righteous Brothers
41%
Yes Sir, I Can BoogieBaccara
26%
You Get What You GiveNew Radicals
21%
Your WomanWhite Town
21%
You're The VoiceJohn Farnham
18%
Yakety YakThe Coasters
13%
You're My Heart, You're My SoulModern Talking
10%
YonkersTyler, the Creator
10%
You're In LoveWilson Phillips
5%
Yé Ké Yé KéMory Kanté
3%

Score Distribution

Percentile by Number Answered

Percent of People with Each Score

Your Score History

You have not taken this quiz